[Event "Almaty op"]
[Site "Almaty"]
[Date "2017.10.04"]
[Round "2"]
[White "Zharokov, Kaisar"]
[Black "Stupak, Kirill"]
[Result "0-1"]
[WhiteElo "2112"]
[BlackElo "2578"]
[PlyCount "44"]
[EventDate "2017.10.03"]
[EventType "swiss"]
[EventRounds "9"]
[EventCountry "KAZ"]
[SourceTitle "CBM 181 Extra"]
[Source "ChessBase"]
[SourceDate "2017.12.12"]
[SourceVersion "1"]
[SourceVersionDate "2017.12.12"]
[SourceQuality "1"]

1. e4 e6 2. d4 d5 3. exd5 exd5 4. Bd3 c5 5. dxc5 Bxc5 6. Ne2 Nf6 7. 0-0 0-0 8. h3 Nc6 9. Bg5 h6 10. Bh4 g5 11. Bg3 Ne4 12. c4 Bf5 13. cxd5 Qxd5 14. Bxe4 Qxe4 15. Nbc3 Qe6 16. Qd5 Qxd5 17. Nxd5 Rad8 18. Nec3 Bd4 19. Rad1 Be6 20. Nc7 Bc4 21. Rfe1 a6 22. a3 f5 0-1

[Event "Albena op-A"]
[Site "Albena"]
[Date "2015.06.25"]
[Round "9"]
[White "Zharokov, Kaisar"]
[Black "Czajkowski, Adam"]
[Result "1/2-1/2"]
[WhiteElo "2115"]
[BlackElo "2153"]
[PlyCount "80"]
[EventDate "2015.06.17"]
[EventType "swiss"]
[EventRounds "9"]
[EventCountry "BUL"]
[SourceTitle "CBM 167 Extra"]
[Source "ChessBase"]
[SourceDate "2015.09.14"]
[SourceVersion "1"]
[SourceVersionDate "2015.09.14"]
[SourceQuality "1"]

1. e4 c5 2. Nf3 e6 3. d4 cxd4 4. Nxd4 a6 5. Nc3 Qc7 6. Bd3 Nc6 7. Nb3 b5 8. 0-0 Nf6 9. Be3 Be7 10. f4 d6 11. a3 Bb7 12. Qe2 0-0 13. g4 Rfe8 14. g5 Nd7 15. Rf3 g6 16. h4 b4 17. axb4 Nxb4 18. h5 Nxd3 19. cxd3 Nc5 20. Nxc5 dxc5 21. Rh3 Rad8 22. Rd1 Rd7 23. Qg4 Bf8 24. Kf2 a5 25. hxg6 fxg6 26. e5 c4 27. dxc4 Rxd1 28. Qxd1 Rd8 29. Qa4 Ba8 30. Rg3 Bb4 31. Qb5 Bxc3 32. bxc3 Rb8 33. Qa6 Rb2+ 34. Ke1 Qc6 35. Qxc6 Bxc6 36. Bc5 Be4 37. Re3 Bf5 38. Re2 Rxe2+ 39. Kxe2 Kf7 40. Ke3 Ke8 1/2-1/2

[Event "Albena op-A"]
[Site "Albena"]
[Date "2015.06.21"]
[Round "5"]
[White "Aryan, Chopra"]
[Black "Zharokov, Kaisar"]
[Result "1-0"]
[WhiteElo "2334"]
[BlackElo "2115"]
[PlyCount "113"]
[EventDate "2015.06.17"]
[EventType "swiss"]
[EventRounds "9"]
[EventCountry "BUL"]
[SourceTitle "CBM 167 Extra"]
[Source "ChessBase"]
[SourceDate "2015.09.14"]
[SourceVersion "1"]
[SourceVersionDate "2015.09.14"]
[SourceQuality "1"]

1. e4 c5 2. Nf3 g6 3. c4 Nc6 4. d4 cxd4 5. Nxd4 Nf6 6. Nc3 d6 7. Be2 Nxd4 8. Qxd4 Bg7 9. Be3 0-0 10. Qd2 a5 11. 0-0 a4 12. Rab1 Be6 13. Rfc1 Qa5 14. f3 Rfc8 15. b4 axb3 16. axb3 Qb4 17. Na4 Qxd2 18. Bxd2 Nd7 19. Be3 f5 20. Bd3 Kf7 21. f4 Rc7 22. h3 fxe4 23. Bxe4 Bf5 24. Bxf5 gxf5 25. g4 fxg4 26. hxg4 h5 27. g5 Kg6 28. Rd1 Rf8 29. Rd5 Rf5 30. Rbd1 Rc6 31. Kg2 Rxd5 32. Rxd5 e6 33. Rb5 Rc7 34. Kf3 Bh8 35. Bb6 Rc6 36. Bd8 b6 37. Nxb6 Nxb6 38. Bxb6 e5 39. Be3 Kf5 40. Rb8 exf4 41. Bxf4 Be5 42. Be3 d5 43. cxd5 Rc3 44. Rf8+ Kg6 45. Re8 Bg7 46. d6 Rd3 47. Re4 Kf7 48. Re7+ Kf8 49. Rd7 Bd4 50. Ke4 Rxe3+ 51. Kxd4 Rxb3 52. g6 Rb1 53. Rf7+ Kg8 54. d7 Rd1+ 55. Ke3 Rd6 56. Re7 Kf8 57. Re8+ 1-0

[Event "Golden Sands op-B"]
[Site "Golden Sands"]
[Date "2015.06.15"]
[Round "8"]
[White "Mylnikova, Olga"]
[Black "Zharokov, Kaisar"]
[Result "1-0"]
[WhiteElo "2037"]
[BlackElo "2115"]
[PlyCount "86"]
[EventDate "2015.06.08"]
[EventType "swiss"]
[EventRounds "9"]
[EventCountry "BUL"]
[SourceTitle "CBM 167 Extra"]
[Source "ChessBase"]
[SourceDate "2015.09.14"]
[SourceVersion "1"]
[SourceVersionDate "2015.09.14"]
[SourceQuality "1"]

1. e4 c5 2. Nf3 g6 3. d4 cxd4 4. Nxd4 Nc6 5. Nc3 Bg7 6. Be3 Nf6 7. Bc4 Qa5 8. 0-0 0-0 9. Bb3 a6 10. h3 Qh5 11. Qxh5 Nxh5 12. Nxc6 bxc6 13. g4 Bxc3 14. bxc3 Ng7 15. c4 a5 16. c5 a4 17. Bc4 Ba6 18. Bxa6 Rxa6 19. Rfd1 Rd8 20. Rab1 Ne6 21. Rb7 Nf8 22. Kg2 f6 23. f4 Ra5 24. f5 Kf7 25. a3 e6 26. fxe6+ Kxe6 27. Rd6+ Ke7 28. Rxc6 Ne6 29. Bd2 Raa8 30. Rcb6 Rdc8 31. c6 Rd8 32. Bb4+ Kf7 33. cxd7 h5 34. Rb5 hxg4 35. hxg4 Nd4 36. Rc5 Ke6 37. Rc4 Ne2 38. Rc6+ Ke5 39. Be7 Rh8 40. Bxf6+ Kxe4 41. Bxh8 Rxh8 42. Re6+ Kf4 43. Rxe2 g5 1-0

[Event "Golden Sands op-B"]
[Site "Golden Sands"]
[Date "2015.06.10"]
[Round "3"]
[White "Zharokov, Kaisar"]
[Black "Todorov, Ognjan"]
[Result "0-1"]
[WhiteElo "2115"]
[BlackElo "2220"]
[PlyCount "50"]
[EventDate "2015.06.08"]
[EventType "swiss"]
[EventRounds "9"]
[EventCountry "BUL"]
[SourceTitle "CBM 167 Extra"]
[Source "ChessBase"]
[SourceDate "2015.09.14"]
[SourceVersion "1"]
[SourceVersionDate "2015.09.14"]
[SourceQuality "1"]

1. e4 c5 2. Nc3 e6 3. f4 Nc6 4. Nf3 a6 5. g3 d6 6. Bg2 Nf6 7. d3 Be7 8. 0-0 Rb8 9. h3 b5 10. Be3 0-0 11. g4 d5 12. g5 d4 13. gxf6 Bxf6 14. e5 Be7 15. Ng5 Bxg5 16. fxg5 Ne7 17. Ne4 dxe3 18. Qh5 Nf5 19. Rf4 Kh8 20. Kh2 Qc7 21. Rxf5 exf5 22. Nd6 Qe7 23. Kh1 g6 24. Qh6 Kg8 25. Bd5 Qxe5 0-1